|
|
|
|
| LEADER |
01477nam a2200289 a 4500 |
| 001 |
13031142 |
| 008 |
091231s2002 dcu b 000 0 eng d |
| 010 |
|
|
|a \\2002728396
|
| 020 |
|
|
|a 0821350684
|
| 020 |
|
|
|a 9780821350683
|
| 040 |
|
|
|a DJB
|c DJB
|d DLC
|d BD-DhAAL
|
| 082 |
0 |
0 |
|a 307.14
|2 21
|
| 245 |
0 |
0 |
|a Understanding and measuring social capital :
|b a multidisciplinary tool for practitioners /
|c Christiaan Grootaert and Thierry van Bastelaer, editors.
|
| 260 |
|
|
|a Washington, D.C. :
|b World Bank,
|c c2002.
|
| 300 |
|
|
|a xii, 304 pages :
|b illustrations ;
|c 23 cm.
|
| 490 |
0 |
|
|a Directions in development (Washington, D.C.)
|
| 504 |
|
|
|a Includes bibliographical references and index.
|
| 541 |
1 |
|
|a Donated By Akbar Ali Khan
|e 00010816, 40427
|
| 650 |
|
0 |
|a Social capital (Sociology)
|9 46972
|
| 700 |
1 |
|
|a Grootaert, Christiaan,
|d 1950-
|9 53332
|
| 700 |
1 |
|
|a Van Bastelaer, Thierry
|9 53333
|
| 710 |
2 |
|
|a World Bank.
|
| 852 |
4 |
|
|a Ayesha Abed Library
|j General shelf
|
| 942 |
|
|
|2 ddc
|c BK
|
| 999 |
|
|
|c 6589
|d 6589
|
| 952 |
|
|
|0 0
|1 3
|2 ddc
|4 0
|6 307_140000000000000_CHR
|7 0
|9 6702
|a BRACUL
|b BRACUL
|c GEN
|d 2009-12-31
|g 2090.00
|l 1
|m 1
|o 307.14 CHR
|p 3010010816
|r 2020-02-27
|s 2018-09-16
|t 1
|v 4180.00
|w 2009-12-31
|y BK
|x Book lost and cost paid Tk. 3730/- (ID: 15108002, Money Receipt No: 42119, Date: 27-02-2020)
|
| 952 |
|
|
|0 0
|1 0
|2 ddc
|4 0
|6 307_140000000000000_CHR
|7 1
|9 72859
|a BRACUL
|b BRACUL
|c AAKC
|d 2023-01-11
|e Donated by Akbar Ali Khan
|g 3730.00
|l 0
|o 307.14 CHR
|p 3010040427
|r 2023-01-11
|t 2
|v 3730.00
|w 0000-00-00
|y BK
|